[Event "1st of May"]
[Site "SchemingMind.com"]
[Date "2017.05.04"]
[Round "-"]
[White "Quaff"]
[Black "maro"]
[Result "1-0"]
[WhiteCountry "ENG"]
[BlackCountry "MEX"]
[WhiteElo "1553"]
[WhiteRD "61"]
[BlackElo "1372"]
[BlackRD "69"]
[GameID "413552"]

1. e4 e6 2. f4 c5 3. Nf3 Nc6 4. d3 Be7 5. Be2 d5 6. e5 Bh4+ 7. g3 Be7 8. O-O Qb6 9. Kh1 c4 10. dxc4 dxc4
11. Bxc4 Qb4 12. Bb3 b6 13. c3 Qc5 14. Qe2 Nh6 15. Be3 Qa5 16. Nbd2 Ba6 17. Bc4 Bxc4 18. Qxc4 Rc8 19. Nb3 Qd5 20. Qe2 O-O
21. Rad1 Qe4 22. Nd2 Qf5 23. Nd4 Nxd4 24. Bxd4 Rfd8 25. Nf3 Qg4 26. Kg2 Nf5 27. Qf2 Nh4+ 28. Nxh4 Bxh4 29. Qf3 Qg6 30. Kh1 Be7
31. Qb7 Kf8 32. Qxa7 Qe4+ 33. Kg1 Bc5 34. Bxc5+ bxc5 35. Rxd8+ Rxd8 36. Qxc5+ Kg8 37. Qf2 Qa4 38. a3 Rd1 39. c4 Qxc4 40. Rxd1
1-0

[Event "1st of May"]
[Site "SchemingMind.com"]
[Date "2017.05.04"]
[Round "-"]
[White "maro"]
[Black "Quaff"]
[Result "0-1"]
[WhiteCountry "MEX"]
[BlackCountry "ENG"]
[WhiteElo "1372"]
[WhiteRD "69"]
[BlackElo "1553"]
[BlackRD "61"]
[GameID "413553"]

1. d4 c6 2. c4 e6 3. e3 Nf6 4. Nc3 Bb4 5. Bd2 d5 6. c5 Bxc3 7. Bxc3 Nbd7 8. Nf3 h6 9. Bd3 a6 10. Qc2 Nh5
11. O-O-O f5 12. Qe2 Nhf6 13. Nh4 O-O 14. Ng6 Rf7 15. f3 Kh7 16. Bxf5 exf5 17. Nh4 Ng8 18. g3 b5 19. cxb6 Qxb6 20. Qd3 Nf8
21. g4 g6 22. gxf5 Bxf5 23. Nxf5 Rxf5 24. e4 dxe4 25. fxe4 Rb5 26. Qf3 Qc7 27. a4 Rb3 28. Rhf1 h5 29. e5 Ne6 30. Qh3 Re8
31. Rg1 Nf4 32. Qe3 Nd5 33. Qg5 Re6 34. Rdf1 c5 35. dxc5 Nxc3 36. Rf2 Ne4 37. Qf4 Qxc5+ 38. Rc2 Qxg1+
0-1

[Event "1st of May"]
[Site "SchemingMind.com"]
[Date "2017.05.08"]
[Round "-"]
[White "frankly"]
[Black "Helga1946"]
[Result "1-0"]
[WhiteCountry "ENG"]
[BlackCountry "GER"]
[WhiteElo "2543"]
[WhiteRD "62"]
[BlackElo "2187"]
[BlackRD "75"]
[GameID "413600"]

1. e4 e5 2. Nf3 Nf6 3. d4 exd4 4. e5 Ne4 5. Qxd4 d5 6. exd6 Nxd6 7. Nc3 Nc6 8. Qf4 Be6 9. Be3 a6 10. Ng5 Qd7
11. O-O-O Be7 12. Nxe6 Qxe6 13. g3 O-O 14. Nd5 Rfe8 15. h4 Qc8 16. Bh3 Qd8 17. c4 b6 18. Bg2 Rc8 19. Bd2 Qd7 20. Bc3 Rcd8
21. Bh3 f5 22. Bg2 h6 23. Ne3 Rf8 24. Rhe1 Bf6 25. Bxf6 Rxf6 26. Bxc6 Qxc6 27. Nd5 Rf7 28. Ne7+ Rxe7 29. Rxe7 Re8 30. Rde1 Rxe7
31. Rxe7 Kf8 32. Re5 Qxc4+ 33. Qxc4 Nxc4 34. Rxf5+ Ke7 35. h5 a5 36. Kc2 Nd6 37. Re5+ Kd7 38. g4 Nc8 39. f4 Ne7 40. Kd3 Nc6
41. Ke4 Nxe5 42. Kxe5 a4 43. Kd5 c6+ 44. Ke5 b5 45. a3 Ke7 46. g5 Kd7 47. g6 Ke7 48. f5 c5 49. Kd5 c4 50. Kc5
1-0

[Event "1st of May"]
[Site "SchemingMind.com"]
[Date "2017.05.08"]
[Round "-"]
[White "Helga1946"]
[Black "frankly"]
[Result "0-1"]
[WhiteCountry "GER"]
[BlackCountry "ENG"]
[WhiteElo "2193"]
[WhiteRD "75"]
[BlackElo "2527"]
[BlackRD "58"]
[GameID "413601"]

1. e4 e5 2. Nf3 Nc6 3. Bb5 a6 4. Bxc6 dxc6 5. h3 f6 6. d3 c5 7. Be3 Bd6 8. b3 Ne7 9. Nbd2 Be6 10. Nh2 b5
11. a4 O-O 12. O-O Nc6 13. Re1 Qd7 14. Qb1 Rfd8 15. Nhf3 Nd4 16. axb5 axb5 17. Qb2 Qf7 18. Nh2 Qg6 19. Kh1 Qe8 20. Reb1 Rab8
21. Ra6 c4 22. Bxd4 exd4 23. Qc1 Bf4 24. Qd1 c3 25. Ndf3 c5 26. Rba1 Bc7 27. Ne1 f5 28. exf5 Bxf5 29. Ra7 Bb6 30. R7a2 Be6
31. Nef3 Bd5 32. Qf1 Qf7 33. Re1 Re8 34. Rea1 c4 35. bxc4 bxc4 36. Ra3 cxd3 37. Qxd3 Bc4 38. Qd1 Rbc8 39. Qb1 Bc5 40. Ra5 Qd5
41. Ng4 h5 42. Nge5 Rxe5 43. Nxe5 Qxe5 44. Ra8 Rf8
0-1

[Event "1st of May"]
[Site "SchemingMind.com"]
[Date "2017.05.03"]
[Round "-"]
[White "Neutrino"]
[Black "Thomas Jacob Kelly"]
[Result "1-0"]
[WhiteCountry "EGY"]
[BlackCountry "USA"]
[WhiteElo "1989"]
[WhiteRD "190"]
[BlackElo "1761"]
[BlackRD "75"]
[GameID "413610"]

1. d4 Nf6 2. c4 g6 3. g3 c6 4. Bg2 d5 5. Nf3 Bg7 6. O-O O-O 7. b3 dxc4 8. bxc4 Be6 9. Nbd2 Ne8 10. Bb2 Qb6
11. Qc2 Na6 12. Ng5 Nec7 13. Rab1 Bxd4 14. Ba3 Qa5 15. Bxe7 Rfe8 16. Nxe6 fxe6 17. Nb3 Qe5 18. Ba3 Rab8 19. Nxd4 Qxd4 20. Rfd1 Qg7
21. Bb2 Qf7 22. Qc3 Kf8 23. Rd3 Ke7 24. Rf3 Qg8 25. Rd1 Rf8 26. Ba3+ c5 27. Bc1 Ke8 28. Qd3 Rf7 29. Bg5 Kf8 30. Bh6+ Ke8
31. Qd6 Re7 32. Rf6 Nb4 33. a3 Nca6 34. axb4 Nxb4 35. Qxc5 a5 36. Qb5+
1-0

[Event "1st of May"]
[Site "SchemingMind.com"]
[Date "2017.05.03"]
[Round "-"]
[White "Thomas Jacob Kelly"]
[Black "Neutrino"]
[Result "0-1"]
[WhiteCountry "USA"]
[BlackCountry "EGY"]
[WhiteElo "1761"]
[WhiteRD "75"]
[BlackElo "1989"]
[BlackRD "190"]
[GameID "413611"]

1. e4 c6 2. d4 d5 3. e5 Bf5 4. Nf3 e6 5. Be2 Nd7 6. Be3 Ne7 7. Nbd2 Bg6 8. c4 dxc4 9. Nxc4 Nf5 10. h4 Nxe3
11. Nxe3 Bb4+ 12. Kf1 h6 13. g4 Nb6 14. h5 Be4 15. Kg2 Nd5 16. Kg3 f5 17. Nxd5 Bxd5 18. Rh2 fxg4 19. Kxg4 Rf8 20. a3 Bxf3+
21. Bxf3 Qg5+ 22. Kh3 Rf4 23. Bg4 Be7 24. f3 O-O-O 25. Rd2 g6 26. Qg1 Qh4+ 27. Kg2 Rdf8 28. Bxe6+ Kb8 29. Qe3 gxh5 30. Rg1 Bg5
31. Rh1 Qxh1+ 32. Kxh1 Rh4+ 33. Kg2 Bxe3 34. Re2 Bxd4 35. Kf1 Rxf3+ 36. Kg2 Re3
0-1

[Event "1st of May"]
[Site "SchemingMind.com"]
[Date "2017.05.12"]
[Round "-"]
[White "bartleby en passant"]
[Black "Clive Everill"]
[Result "0-1"]
[WhiteCountry "IRL"]
[BlackCountry "CZE"]
[WhiteElo "1675"]
[WhiteRD "84"]
[BlackElo "1726"]
[BlackRD "63"]
[GameID "413919"]

1. c4 Nf6 2. Nc3 e6 3. e4 c5 4. e5 Ng8 5. d3 Nc6 6. Nf3 d5 7. Be2 Nge7 8. O-O d4 9. Ne4 Ng6 10. Nd6+ Bxd6
11. exd6 Qxd6 12. a3 O-O 13. Ng5 f6 14. Ne4 Qe7 15. Bh5 Nge5 16. Bf4 g6 17. Bf3 a6 18. Bh6 Rf7 19. g4 f5 20. gxf5 exf5
21. Ng5 Rf6 22. Bg2 Ng4 23. Re1 Qd7 24. Bd5+ Kh8 25. Qxg4 fxg4
0-1

[Event "1st of May"]
[Site "SchemingMind.com"]
[Date "2017.05.12"]
[Round "-"]
[White "Clive Everill"]
[Black "bartleby en passant"]
[Result "1-0"]
[WhiteCountry "CZE"]
[BlackCountry "IRL"]
[WhiteElo "1763"]
[WhiteRD "63"]
[BlackElo "1667"]
[BlackRD "78"]
[GameID "413920"]

1. e4 e5 2. f4 exf4 3. Nf3 g5 4. h4 g4 5. Ne5 d6 6. Nxg4 h5 7. Nf2 Nf6 8. d4 Bh6 9. Nc3 Qe7 10. Bd3 Nc6
11. Bb5 Bd7 12. Qd3 a6 13. Ba4 Rg8 14. Bxc6 Bxc6 15. Qf3 d5 16. e5 Ng4 17. Bxf4 Bxf4 18. Qxf4 Nxf2 19. Qxf2 Rg4 20. O-O-O Qe6
21. Rde1 O-O-O 22. Ne2 Bb5 23. Nc3 Rdg8 24. Rhg1 Bd7 25. Ref1 R8g7 26. Ne2 Bb5 27. Re1 Bxe2 28. Rxe2 b5 29. c3 c6 30. g3 Kd7
31. Re3 Ke7 32. Rf1 Qg6 33. Qf6+ Kd7 34. Qxg6 fxg6 35. e6+ Ke7 36. b4 g5 37. hxg5 R4xg5 38. Rff3 R5g6 39. Re5 Rxe6 40. Rxh5 Reg6
41. Rh8 Rxg3 42. Rff8 Rxc3+ 43. Kb2
1-0

[Event "1st of May"]
[Site "SchemingMind.com"]
[Date "2017.05.19"]
[Round "-"]
[White "Kenny Elliott"]
[Black "aliwood"]
[Result "1-0"]
[WhiteCountry "USA"]
[BlackCountry "ENG"]
[WhiteElo "1532"]
[WhiteRD "74"]
[BlackElo "1232"]
[BlackRD "84"]
[GameID "414121"]

1. d4 d5 2. c4 dxc4 3. Nc3 e6 4. e4 Nc6 5. Nf3 Bd6 6. Bxc4 Nf6 7. e5 Be7 8. exf6 Bxf6 9. O-O O-O 10. Be3 Ne7
11. Qb3 b6 12. Rad1 Bb7 13. Ne5 Qd6 14. Bf4 a6 15. Ng6 Nxg6 16. Bxd6 cxd6 17. Qxb6 Rab8 18. Qxd6 Rfd8 19. Qb6 Nf4 20. Qc5 Nd5
21. Nxd5 Bxd5 22. Bxd5 Rxd5 23. Qc4 Bxd4 24. Rxd4 h6 25. Rxd5 exd5 26. Qxd5 Rf8 27. Qc6
1-0

[Event "1st of May"]
[Site "SchemingMind.com"]
[Date "2017.05.19"]
[Round "-"]
[White "aliwood"]
[Black "Kenny Elliott"]
[Result "0-1"]
[WhiteCountry "ENG"]
[BlackCountry "USA"]
[WhiteElo "1232"]
[WhiteRD "84"]
[BlackElo "1532"]
[BlackRD "74"]
[GameID "414122"]

1. Nf3 Nf6 2. e3 e6 3. Be2 Nc6 4. O-O Be7 5. d4 b6 6. a3 Bb7 7. c4 d5 8. cxd5 Nxd5 9. Nc3 O-O 10. Nxd5 exd5
11. Bd2 Bd6 12. g3 Qf6 13. Bc3 Qh6 14. Qd3 f6 15. Bd2 Qh3 16. Rac1 Rae8 17. b4 Re4 18. b5 Ne7 19. a4 Nf5 20. a5 Bxg3
21. fxg3 Nxg3 22. Rfd1 Nxe2+ 23. Qxe2 Rg4+ 24. Qg2 Rxg2+ 25. Kf1 Rxh2+ 26. Ke1 Qxf3
0-1

[Event "1st of May"]
[Site "SchemingMind.com"]
[Date "2017.05.19"]
[Round "-"]
[White "Chessibelle"]
[Black "Scooter"]
[Result "0-1"]
[WhiteCountry "ENG"]
[BlackCountry "USA"]
[WhiteElo "1143"]
[WhiteRD "66"]
[BlackElo "1739"]
[BlackRD "53"]
[GameID "414172"]

1. e4 c6 2. d3 d5 3. Bd2 dxe4 4. dxe4 Nf6 5. Nc3 e6 6. Nf3 Bb4 7. Be2 O-O 8. O-O Bxc3 9. Bxc3 Nxe4 10. Qc1 Nxc3
11. bxc3 Qf6 12. c4 Nd7 13. Rd1 Nb6 14. Qa3 Rd8 15. h3 Rxd1+ 16. Rxd1 Bd7 17. g4 Rd8 18. Qxa7 Nc8 19. Qxb7 Be8 20. Qc7 Rxd1+
21. Bxd1 Ne7 22. Qd8 Kf8 23. Qd3 Ng6 24. c5 Nf4 25. Qd6+ Kg8 26. Qb8 Nxh3+ 27. Kf1 Kf8 28. Qh2 Ng5 29. c4 Nxf3 30. Qg3 Nd2+
31. Ke2 Nxc4 32. Bc2 Qb2 33. Kd3 Qb5 34. Kd4 Qb2+ 35. Kd3 Qxa2 36. Kc3 Ne5 37. Qh2 Qc4+ 38. Kd2 Nf3+
0-1

[Event "1st of May"]
[Site "SchemingMind.com"]
[Date "2017.05.19"]
[Round "-"]
[White "Scooter"]
[Black "Chessibelle"]
[Result "1-0"]
[WhiteCountry "USA"]
[BlackCountry "ENG"]
[WhiteElo "1739"]
[WhiteRD "53"]
[BlackElo "1143"]
[BlackRD "66"]
[GameID "414173"]

1. d4 d5 2. Nf3 Nf6 3. Bf4 Nc6 4. e3 e6 5. Bb5 Bd7 6. O-O Be7 7. Nbd2 O-O 8. c4 a6 9. Bxc6 Bxc6 10. cxd5 Bxd5
11. a3 b5 12. b4 a5 13. Qc2 g6 14. Qxc7 Nh5 15. Qxd8 Raxd8 16. Bc7 Ra8 17. Bxa5 f5 18. Rac1 h6 19. Ne5 f4 20. Nxg6 Rf7
21. Nxe7+ Rxe7 22. e4 Bb7 23. f3 e5 24. d5 Nf6 25. Nb3 Ba6 26. Rc6 Nd7 27. Rxh6 Nf8 28. Nc5 Bc8 29. Rb6 Rg7 30. Rxb5 Bh3
31. Rf2 Raa7 32. Kf1 Nh7 33. gxh3 Rg6 34. Rg2 Rag7 35. Rb8+ Nf8 36. Rxg6 Rxg6 37. Ne6 Kf7 38. Rxf8+ Ke7 39. Bd8+ Kd7 40. Rf7+ Ke8
41. Re7#
1-0

[Event "1st of May"]
[Site "SchemingMind.com"]
[Date "2017.05.23"]
[Round "-"]
[White "Pol MacGilla tSamhais"]
[Black "Wojciech  Langer"]
[Result "0-1"]
[WhiteCountry "IRL"]
[BlackCountry "INT"]
[WhiteElo "1122"]
[WhiteRD "84"]
[BlackElo "1673"]
[BlackRD "88"]
[GameID "414252"]

1. Nf3 d5 2. d4 Nf6 3. e3 e6 4. c4 dxc4 5. Bxc4 Be7 6. O-O O-O 7. b3 Nbd7 8. Bb2 Nb6 9. e4 Nxe4 10. Qd3 Nxc4
11. bxc4 Nf6 12. c5 Bxc5 13. Rc1 b6 14. Rd1 Bd6 15. Ng5 Bb7 16. Nc3 Qe7 17. Re1 Bf4 18. Nh3 Bh6 19. f3 Rfd8 20. Nb5 a6
21. Ba3 c5 22. Rad1 Rxd4 23. Nxd4 Qc7 24. Qc2 e5 25. Nf5 Bd5 26. Ne3 Qc6 27. Nf5 Re8 28. Nxh6+ gxh6 29. Rd2 e4 30. Nf4 Kg7
31. Qb2 Kf8 32. Red1 exf3 33. gxf3 Bxf3 34. Rf1 Kg7 35. Nh5+ Bxh5 36. Rdf2 Re6 37. Qa1 Kf8 38. Rg2 Qe4 39. Qd1 Bxd1
0-1

[Event "1st of May"]
[Site "SchemingMind.com"]
[Date "2017.05.22"]
[Round "-"]
[White "Wojciech  Langer"]
[Black "Pol MacGilla tSamhais"]
[Result "1-0"]
[WhiteCountry "INT"]
[BlackCountry "IRL"]
[WhiteElo "1671"]
[WhiteRD "87"]
[BlackElo "1114"]
[BlackRD "83"]
[GameID "414253"]

1. c4 g6 2. d4 Nf6 3. Nc3 Bg7 4. e4 d6 5. Be2 O-O 6. Nf3 e5 7. O-O exd4 8. Nxd4 c5 9. Nf3 Nc6 10. Re1 Re8
11. Qc2 Bd7 12. Bf4 Qe7 13. Bd3 Nd4 14. Nxd4 cxd4 15. Nd5 Nxd5 16. cxd5 Rac8 17. Qe2 h5 18. Qd2 Rc7 19. Rac1 Rxc1 20. Rxc1 b6
21. b3 Qh4 22. Bg5 Qg4 23. Be2 Qe6 24. dxe6
1-0

[Event "1st of May"]
[Site "SchemingMind.com"]
[Date "2017.05.24"]
[Round "-"]
[White "Transcendent"]
[Black "Robert Bruce"]
[Result "0-1"]
[WhiteCountry "ENG"]
[BlackCountry "SCO"]
[WhiteElo "1658"]
[WhiteRD "64"]
[BlackElo "2339"]
[BlackRD "74"]
[GameID "414328"]

1. d4 f5 2. g3 Nf6 3. Bg2 g6 4. Nh3 Bg7 5. O-O O-O 6. b3 d6 7. Bb2 e6 8. c4 Qe7 9. Nd2 e5 10. dxe5 dxe5
11. Rc1 Rd8
0-1

[Event "1st of May"]
[Site "SchemingMind.com"]
[Date "2017.05.24"]
[Round "-"]
[White "Robert Bruce"]
[Black "Transcendent"]
[Result "1-0"]
[WhiteCountry "SCO"]
[BlackCountry "ENG"]
[WhiteElo "2339"]
[WhiteRD "74"]
[BlackElo "1658"]
[BlackRD "64"]
[GameID "414329"]

1. d4 d5 2. Nf3 Nf6 3. e3 Bf5 4. c4 c6 5. Nc3 e6 6. Nh4 Bg6 7. Nxg6 hxg6 8. Bd2 Nbd7 9. g3 Bb4 10. Bd3 dxc4
11. Bxc4 c5 12. a3
1-0

[Event "1st of May"]
[Site "SchemingMind.com"]
[Date "2017.05.24"]
[Round "-"]
[White "William Lindberg"]
[Black "kenneth m day"]
[Result "1-0"]
[WhiteCountry "USA"]
[BlackCountry "USA"]
[WhiteElo "2391"]
[WhiteRD "80"]
[BlackElo "1671"]
[BlackRD "56"]
[GameID "414334"]

1. c4 g6 2. d4 Bg7 3. e4 d6 4. Nc3 Nf6 5. Nf3 Bg4 6. Be2 O-O 7. O-O Nbd7 8. h3 Bxf3 9. Bxf3 e5 10. d5 Rc8
11. Be3 a6 12. Qb3 Nc5 13. Bxc5 dxc5 14. Qxb7 Qd6 15. Qb3 Rb8 16. Qc2 c6 17. dxc6 Qxc6 18. Rad1 Rfd8 19. Rxd8+ Rxd8 20. Nd5 h6
21. Ne7+
1-0

[Event "1st of May"]
[Site "SchemingMind.com"]
[Date "2017.05.24"]
[Round "-"]
[White "kenneth m day"]
[Black "William Lindberg"]
[Result "0-1"]
[WhiteCountry "USA"]
[BlackCountry "USA"]
[WhiteElo "1671"]
[WhiteRD "56"]
[BlackElo "2391"]
[BlackRD "80"]
[GameID "414335"]

1. e4 e6 2. d4 d5 3. Nd2 c5 4. c3 cxd4 5. cxd4 dxe4 6. Nxe4 Nf6 7. Bd3 Nxe4 8. Bxe4 Bb4+ 9. Kf1 O-O 10. Nf3 Nd7
11. a3 Be7 12. Bf4 Nf6 13. Bc2 Qb6 14. b4 Bd7 15. Bd3 Rfc8 16. Ke2 Rc3 17. Qd2 Rxd3 18. Kxd3 Bb5+ 19. Ke3 Ng4+
0-1

[Event "1st of May"]
[Site "SchemingMind.com"]
[Date "2017.05.27"]
[Round "-"]
[White "ray winteringham"]
[Black "Jari Laine"]
[Result "0-1"]
[WhiteCountry "ENG"]
[BlackCountry "FIN"]
[WhiteElo "1481"]
[WhiteRD "52"]
[BlackElo "2415"]
[BlackRD "77"]
[GameID "414441"]

1. e4 d6 2. Nf3 Nf6 3. Nc3 g6 4. b3 c5 5. d3 Bg7 6. Bb2 O-O 7. Be2 Nc6 8. O-O Be6 9. Ng5 Qc8 10. h3 Nd4
11. Nf3 Nh5 12. Nxd4 cxd4 13. Nd5 Bxd5 14. Bxh5 Bc6 15. Be2 d5 16. f3 dxe4 17. Rb1 e3 18. Bxd4 Bxd4 19. Qe1 Qc7 20. c3 Be5
21. d4 Bg3 22. Qd1 Bf2+ 23. Kh1 Qg3 24. Rxf2 exf2 25. c4 Bd7 26. d5 Bxh3 27. Qf1 Bf5
0-1

[Event "1st of May"]
[Site "SchemingMind.com"]
[Date "2017.06.04"]
[Round "-"]
[White "Mirta Crevani"]
[Black "Andrea Carra"]
[Result "1/2-1/2"]
[WhiteCountry "ARG"]
[BlackCountry "ITA"]
[WhiteElo "2158"]
[WhiteRD "72"]
[BlackElo "1995"]
[BlackRD "106"]
[GameID "414725"]

1. c4 c5 2. Nc3 g6 3. g3 Bg7 4. Bg2 Nc6 5. Nf3 d6 6. O-O e6 7. e3 Nge7 8. d4 O-O 9. Re1 b6 10. b3 Bb7
11. Bb2 Qd7 12. dxc5 bxc5 13. Qd2 Ne5 14. Nxe5 Bxe5 15. Na4 Bxg2 16. Bxe5 Qb7 17. Bf6 Qf3 18. Qd1 Qxf6 19. Kxg2 Nf5 20. Qf3 Qg5
21. Kh1 h5 22. h4 Qg4 23. Qxg4 hxg4 24. Red1 f6 25. Nc3 Kf7 26. Nb5 Ke7 27. e4 a6 28. Nc7 Nxg3+ 29. fxg3 Ra7 30. Nxe6 Kxe6
31. Rd5=
1/2-1/2

[Event "1st of May"]
[Site "SchemingMind.com"]
[Date "2017.06.04"]
[Round "-"]
[White "Andrea Carra"]
[Black "Mirta Crevani"]
[Result "1/2-1/2"]
[WhiteCountry "ITA"]
[BlackCountry "ARG"]
[WhiteElo "1995"]
[WhiteRD "106"]
[BlackElo "2158"]
[BlackRD "72"]
[GameID "414726"]

1. e4 c6 2. d4 d5 3. Nc3 dxe4 4. Nxe4 Bf5 5. Ng3 Bg6 6. h4 h6 7. Nf3 Nd7 8. h5 Bh7 9. Bd3 Bxd3 10. Qxd3 Qc7
11. Bd2 e6 12. O-O-O Ngf6 13. Ne4 O-O-O 14. g3 Nc5 15. Nxc5 Bxc5 16. Qe2 Bxd4 17. Bf4 e5 18. Bxe5 Bxe5 19. Nxe5 Qe7 20. f4 Rxd1+
21. Rxd1 Rd8 22. Rxd8+ Kxd8 23. Qd3+ Kc7 24. Qf3 Nd7=
1/2-1/2

[Event "1st of May"]
[Site "SchemingMind.com"]
[Date "2017.06.12"]
[Round "-"]
[White "John Hamer"]
[Black "chesshub"]
[Result "0-1"]
[WhiteCountry "ENG"]
[BlackCountry "FRA"]
[WhiteElo "2006"]
[WhiteRD "66"]
[BlackElo "2627"]
[BlackRD "81"]
[GameID "414916"]

1. d4 Nf6 2. Nf3 e6 3. c4 b6 4. Nc3 Bb7 5. e3 d5 6. Bd3 Be7 7. O-O O-O 8. b3 c5 9. Bb2 cxd4 10. exd4 Na6
11. Qe2 Nb4 12. Bb1 dxc4 13. bxc4 Bxf3 14. gxf3 Nh5 15. a3 Bd6 16. Qe4 f5 17. Qxe6+ Kh8 18. Bc1 Bc7 19. Bxf5 Qh4 20. h3 Rae8
21. Qd7 Re7 22. Qb5 Nf4 23. axb4 g6 24. Bg4 Nxh3+ 25. Kg2 Nxf2
0-1

[Event "1st of May"]
[Site "SchemingMind.com"]
[Date "2017.06.12"]
[Round "-"]
[White "chesshub"]
[Black "John Hamer"]
[Result "1-0"]
[WhiteCountry "FRA"]
[BlackCountry "ENG"]
[WhiteElo "2627"]
[WhiteRD "81"]
[BlackElo "2006"]
[BlackRD "66"]
[GameID "414917"]

1. d4 d5 2. c4 c6 3. Nf3 Nf6 4. e3 e6 5. Bd3 Nbd7 6. O-O Bd6 7. Nbd2 O-O 8. e4 dxe4 9. Nxe4 Nxe4 10. Bxe4 Nf6
11. Bc2 c5 12. Qd3 h6 13. Rd1 cxd4 14. Qxd4 Be7 15. Qc3 Qc7 16. Ne5 Bd6 17. Rxd6 Qxd6 18. Bxh6 Rd8 19. Qg3 Ne8 20. Re1 Qb4
21. Kf1 f6 22. Qg6 fxe5 23. Qh7+ Kf8 24. Bg6 Qxc4+ 25. Kg1 Qb4 26. Rc1 Rd7 27. Qh8+ Ke7 28. Bg5+
1-0

[Event "1st of May"]
[Site "SchemingMind.com"]
[Date "2017.06.13"]
[Round "-"]
[White "wight knight"]
[Black "David Hartley"]
[Result "0-1"]
[WhiteCountry "ENG"]
[BlackCountry "ENG"]
[WhiteElo "1371"]
[WhiteRD "61"]
[BlackElo "1862"]
[BlackRD "84"]
[GameID "415044"]

1. e4 e5 2. Bc4 Nf6 3. f3 Bc5 4. d3 Nc6 5. c3 d5 6. Bb5 Bd7 7. Bxc6 Bxc6 8. b4 Bb6 9. a4 a6 10. a5 Ba7
11. Na3 O-O 12. Bg5 Re8 13. Bxf6 Qxf6 14. g3 Rad8 15. h4 dxe4 16. g4 exf3 17. g5 f2+ 18. Ke2 Qf5 19. Rh3 fxg1=Q 20. Qxg1 Bxg1
21. Rxg1 Qxh3 22. Nc4 Qxd3+
0-1

[Event "1st of May"]
[Site "SchemingMind.com"]
[Date "2017.06.13"]
[Round "-"]
[White "David Hartley"]
[Black "wight knight"]
[Result "1-0"]
[WhiteCountry "ENG"]
[BlackCountry "ENG"]
[WhiteElo "1880"]
[WhiteRD "77"]
[BlackElo "1378"]
[BlackRD "62"]
[GameID "415045"]

1. e4 e5 2. Nf3 f6 3. Bc4 Bc5 4. Nc3 c6 5. d4 exd4 6. Nxd4 Bxd4 7. Qxd4 b5 8. Bd3 Ba6 9. Ne2 Qb6 10. Be3 Qxd4
11. Bxd4 d5 12. exd5 cxd5 13. Nc3 b4 14. Bxa6 Nxa6 15. Ne2 Ne7 16. f3 O-O 17. O-O Nc7 18. Bc5 Rae8 19. Bxb4 Rb8 20. Bxe7 Rfe8
21. Bd6 Rbc8 22. Nd4 h5 23. Rfe1 Red8 24. Bxc7 Rxc7 25. Re2 h4 26. Ne6 Re8 27. Rae1 Rb7 28. b3 Kf7 29. Nd4 Rh8 30. Nf5 Kg6
31. Nd4 h3 32. g3 a5 33. Re7 Rb4 34. c3 Rb6 35. Rd7 a4 36. b4 Rbb8 37. Rxd5 Rbc8 38. Nb5 a3 39. Re3 Rh7 40. Nxa3 Rh6
41. c4 Ra8 42. b5 Ra5 43. c5 Ra4 44. c6 Rb4 45. c7 Rh8 46. Rd8 Rb2 47. Rxh8 Rb1+ 48. Nxb1 Kf7 49. c8=Q
1-0

[Event "1st of May"]
[Site "SchemingMind.com"]
[Date "2017.06.14"]
[Round "-"]
[White "Carl Lenox"]
[Black "Iucounu"]
[Result "0-1"]
[WhiteCountry "CAN"]
[BlackCountry "ENG"]
[WhiteElo "1164"]
[WhiteRD "79"]
[BlackElo "1597"]
[BlackRD "57"]
[GameID "415051"]

1. e4 Nf6 2. e5 Nd5 3. d4 d6 4. Nf3 Bg4 5. c4 Nb6 6. b4 dxe5 7. Be2 exd4 8. Nxd4 Bxe2 9. Kxe2 Nxc4 10. Re1 e6
11. Be3 Nxe3 12. Kxe3 Bxb4 13. Nd2 Bc3 14. Ke2 Qxd4 15. Rc1 Qg4+ 16. Kf1 Qxd1 17. Rcxd1 O-O 18. Re2 Nc6 19. Ne4 Ba5 20. Nc5 Bb6
21. Nxb7 Rab8 22. Nd6 cxd6 23. Rxd6 Nd4 24. Re4 Nf5 25. Re5 Nxd6
0-1

[Event "1st of May"]
[Site "SchemingMind.com"]
[Date "2017.06.14"]
[Round "-"]
[White "Iucounu"]
[Black "Carl Lenox"]
[Result "1-0"]
[WhiteCountry "ENG"]
[BlackCountry "CAN"]
[WhiteElo "1597"]
[WhiteRD "57"]
[BlackElo "1164"]
[BlackRD "79"]
[GameID "415052"]

1. e4 c5 2. Nf3 g6 3. d4 Qc7 4. dxc5 Qxc5 5. Nc3 a6 6. Be3 Qa5 7. Qd5 Qxd5 8. Nxd5 Bg7 9. Nc7+ Kf8 10. Nxa8 Bxb2
11. Rb1 Bc3+ 12. Bd2 Bg7 13. Nb6 Be5 14. Nxe5 d6 15. Nxc8 dxe5 16. Rxb7 Nc6 17. Bxa6 Nf6 18. f3 Kg7 19. Nxe7 Nd4 20. Bd3 Rd8
21. Be3 Nd7 22. Bxd4 exd4 23. O-O Nc5 24. Rc7 Nxd3 25. cxd3 Ra8 26. Ra1 Ra3 27. Rd7 Rxd3 28. a4
1-0

[Event "1st of May"]
[Site "SchemingMind.com"]
[Date "2017.06.15"]
[Round "-"]
[White "Trevor Brotherton"]
[Black "klagefall"]
[Result "1-0"]
[WhiteCountry "ENG"]
[BlackCountry "GER"]
[WhiteElo "2528"]
[WhiteRD "85"]
[BlackElo "2043"]
[BlackRD "93"]
[GameID "415118"]

1. g3 d5 2. Bg2 Bg4 3. d3 c6 4. Nd2 Nf6 5. h3 Bh5 6. Ngf3 Nbd7 7. O-O e6 8. e4 Bd6 9. Re1 Qc7 10. Qe2 dxe4
11. dxe4 e5 12. a3 a5 13. Nc4 Be7 14. Ne3 O-O 15. Nf5 Bc5 16. Rb1 a4 17. Qc4 b5 18. Qc3 Rfe8 19. g4 Bg6 20. N3h4 Qb6
21. Be3 Bxe3 22. Rxe3 Rad8 23. Rd3 Nc5 24. Rxd8 Rxd8 25. Qxe5 Re8 26. Qd4 Ncd7 27. Rd1 Qxd4 28. Rxd4
1-0

[Event "1st of May"]
[Site "SchemingMind.com"]
[Date "2017.06.14"]
[Round "-"]
[White "klagefall"]
[Black "Trevor Brotherton"]
[Result "0-1"]
[WhiteCountry "GER"]
[BlackCountry "ENG"]
[WhiteElo "2027"]
[WhiteRD "88"]
[BlackElo "2139"]
[BlackRD "60"]
[GameID "415119"]

1. d4 g6 2. c4 d6 3. e4 Bg7 4. Nc3 e5 5. d5 Nd7 6. h4 h5 7. Nh3 a5 8. Ng5 Nc5 9. Be2 f6 10. Nh3 Bh6
11. Bxh6 Nxh6 12. Qc2 Qe7 13. O-O-O Bd7 14. Kb1 b6 15. f3 f5 16. Ng5 Rf8 17. Qd2 O-O-O 18. Nh3 Ng8 19. Nf2 Nf6 20. Bd3 fxe4
21. Nfxe4 Nxd3 22. Qxd3 Nxe4 23. Nxe4 Kb7 24. Rc1 Rf4 25. g3 Rf7 26. Rcf1 Bf5 27. Rh2 Rg8 28. Kc2 g5 29. hxg5 Rxg5 30. Rg1 Qf8
31. Qe3 Rgg7 32. Kd1 Bxe4 33. fxe4 Rf3 34. Qe1 Qg8 35. Rxh5 Rfxg3 36. Rf1 Qe8 37. Rh2 Qa4+ 38. b3 Qa3 39. Qe2 a4
0-1

[Event "1st of May"]
[Site "SchemingMind.com"]
[Date "2017.06.19"]
[Round "-"]
[White "rookie31"]
[Black "echecs"]
[Result "1-0"]
[WhiteCountry "IND"]
[BlackCountry "ENG"]
[WhiteElo "2230"]
[WhiteRD "77"]
[BlackElo "1873"]
[BlackRD "72"]
[GameID "415229"]

1. d4 Nf6 2. c4 g6 3. Nc3 Bg7 4. e4 d6 5. Nf3 c6 6. Be2 O-O 7. O-O a6 8. h3 b5 9. Qc2 bxc4 10. Bxc4 a5
11. e5 Nfd7 12. e6 fxe6 13. Ng5 Nb6 14. Bxe6+ Bxe6 15. Nxe6 Qd7 16. Nxf8 Kxf8 17. Qb3 Bxd4 18. Bh6+ Bg7 19. Bxg7+ Kxg7 20. Qxb6 d5
21. Rae1 Qd6 22. Qb7
1-0

[Event "1st of May"]
[Site "SchemingMind.com"]
[Date "2017.06.19"]
[Round "-"]
[White "echecs"]
[Black "rookie31"]
[Result "0-1"]
[WhiteCountry "ENG"]
[BlackCountry "IND"]
[WhiteElo "1830"]
[WhiteRD "70"]
[BlackElo "2236"]
[BlackRD "78"]
[GameID "415230"]

1. e4 e5 2. Nf3 Nc6 3. Bc4 Nf6 4. Ng5 d5 5. exd5 Na5 6. Bb5+ c6 7. dxc6 bxc6 8. Be2 h6 9. Nf3 e4 10. Ne5 Bc5
11. O-O Qd4 12. Nxf7 Kxf7 13. c3 Qe5 14. Qa4 Bd6 15. g3 Qd5 16. Na3 Bxa3 17. Qxa3 Bh3 18. Rd1 Bg4 19. Bxg4 Nxg4 20. h3 Ne5
21. b3 Nf3+ 22. Kg2 e3 23. dxe3 Nh4+ 24. Kf1 Qxd1#
0-1